| 000 | 01063nam a22002417a 4500 | ||
|---|---|---|---|
| 999 |
_c7254 _d7254 |
||
| 003 | AR-CdUCM | ||
| 008 | 190320b ||||| |||| 00| 0 spa d | ||
| 040 |
_aMUNICIPALIDAD PROVINCIAL DEL CUSCO _cBIBLIOTECA MUNICIPAL DEL CUSCO |
||
| 041 | _heng | ||
| 082 |
_a633.1 / _bC55 |
||
| 100 |
_aChristensen, Clyde M. _920446 |
||
| 245 | _aContaminación por hongos en granos almacenados / | ||
| 260 |
_aMexico : _bPax México, _c1976. |
||
| 300 |
_a199 paginas ; _bIlustraciones, tablas, _c20 cm. |
||
| 500 | _aTitulo original : Grain storage, the role of fungi in quality control | ||
| 505 | _aEl problema de perdidas en granos almacenados -- Características de los hongos de campo y de almacén -- Determinación del contenido de humedad -- Calentamiento y respiración -- Germinación ennegrecimiento y valores de acidez de las grasas... | ||
| 650 |
_aHongos _920447 |
||
| 650 |
_aGranos almacenados _920448 |
||
| 650 |
_aCaracterísticas de los hongos _920449 |
||
| 700 |
_aMoreno Martínez, Ernesto (Traductor) _920450 |
||
| 942 |
_2ddc _cLIBROS |
||
| 945 | _awnts | ||